000 00592nam a2200205 u 4500
005 20230209063808.0
008 080929s2002 r 000 0 eng d
020 _a9586823113
035 _aUPN01000161258
049 _aCG
050 4 _aHD62.15
_bM3.2
100 1 _aMariño Navarrete, Hernando
245 1 0 _aCalidad :
_blecciones aprendidas /
_cHernando Mariño Navarrete.
260 _aBogotá :
_bAlfaomega,
_c2002.
300 _a55 p.
440 0 _aGuías empresariales
650 2 _aAdministración de calidad total
_9437
650 4 _aControl de calidad
_910920
905 _aLibro
999 _c133371
_d133371